Manual de aire acondicionado (handbook of air conditioning system design) : (Registro nro. 4170)

Detalles MARC
000 -LEADER
longitud fija campo de control 00611Cam#a22002055a#4500
003 - IDENTIFICADOR DE NUMERO DE CONTROL
control del campo AR-RoUNA
008 - CAMPO DE CONTROL - LIBROS
longitud fija campo de control 140529||||||||||||||||| |||| 0|||| d
040 ## - ORIGEN DE LA CATALOGACION
Agencia que cataloga la obra original AR-RoUNA
Idioma en que se cataloga spa
041 ## - CODIGO DE IDIOMA
Codigo de idioma del texto / sonido o titulo separado spa
080 ## - CDU
Numero de clasificacion 697.9
092 ## - SIGNATURA TOPOGRAFICA
Libristica C346 ej.1
110 ## - ASIENTO PRINCIPAL - AUTOR INSTITUCIONAL
Nombre corporativo o de jurisdiccion como elemento de entrada carrier air conditioning company
9 (RLIN) 19313
245 ## - TITULO PROPIAMENTE DICHO
Titulo Manual de aire acondicionado (handbook of air conditioning system design) :
250 ## - MENCION DE EDICION
Edicion declarada
260 ## - EDITORIAL - PUBLICACION, DISTRIBUCION, ETC. (Pie de imprenta)
Lugar de publicacion, distribucion, etc Barcelona :
Nombre del editor, distribuidor, etc Marcombo Sa De Boixareu Editores,
Fecha de publicacion 1978
300 ## - DESCRIPCION FISICA
Otros detalles fisicos Cuadros,
-- gráficos,
-- fot.,
Material complementario
Extension
653 ## - MATERIA - PALABRAS CLAVES
Palabras claves Aire Acondicionado
930 ## - ACCESION
Numero de accesion (NR) 3144
942 ## - FUENTE DE CLASIFICACION
Clasificacion
Existencias
Estado retiro Estado perdido Sistema de clasificacion Estado general Biblioteca de origen Ubicacion actual Fecha de adquisicion Prestamos totales Signatura y librística Proveedor Tipo de elemento KOHA
Disponible Disponible cdu No dañado Arq. Hilarión H. Larguia Arq. Hilarión H. Larguia 29/05/2014   697.9 C346 ej.1 4548 Libro